000 00741nam a22002417a 4500
003 UA-OsUOA
001 20844
007 ta
008 20031105b un ||||| |||| 00| 0 ukr d
100 _aПинчук Ю.А.
090 _a94 (477).042.3
_bП32
942 _cBK
040 _aUA-OsUOA
_brus
_cUA-OsUOA
_dUA-OsUOA
245 _aРоль народных масс в освободительной войне 1648-1654 гг. и воссоединение Украины с Россией
_bСоветская историография
300 _a213 с.
955 _a0
041 _arus
080 _a94 (477).042.3
260 _aКиїв
_bНаукоав думка
_c1986
044 _aRU
650 7 _2UDC
999 _c307029
_d307029